|
|
|
|
| LEADER |
00000nam a2200000Ia 4500 |
| 008 |
171211b2012 cr ||||| |||| 00| | spa d |
| 999 |
|
|
|c 1497
|d 1497
|
| 090 |
|
|
|a 06.02.01
|b 2001 (2012)
|
| 100 |
1 |
|
|a Sánchez Fallas, Marilyn
|9 745
|
| 245 |
1 |
0 |
|a Plan de los 200 días lectivos del Ministerio de Educación Pública de Costa Rica: el abordaje del acoso laboral (bullying) /
|c Marilyn Sánchez Fallas, compiladora
|
| 260 |
|
|
|a San José, Costa Rica :
|b INIE. MEP. Instituto de Desarrollo Profesional Uladislao Gámez Solano,
|c 2012
|
| 300 |
|
|
|a 102 páginas
|
| 650 |
1 |
4 |
|a CAPACITACIÓN
|9 729
|
| 650 |
1 |
4 |
|a DOCENTES
|
| 942 |
|
|
|i 00318
|h 06.02.01 2001 (2012)
|2 z
|c 04
|